Nonlinear programming for operations research
Gorde:
| Egile nagusia: | |
|---|---|
| Formatua: | Liburua |
| Hizkuntza: | ingelesa |
| Argitaratua: |
Englewood Cliffs
Prentice-Hall
1975
|
| Saila: | Prentice-Hall International Series in Management
|
| Gaiak: | |
| Etiketak: |
Etiketa erantsi
Etiketarik gabe, Izan zaitez lehena erregistro honi etiketa jartzen!
|
MARC
| LEADER | 00000nam a2200000 a 4500 | ||
|---|---|---|---|
| 001 | UCP1831 | ||
| 003 | CL-VaPUC | ||
| 008 | 990426e19750000us |||||||||||||||||eng|d | ||
| 082 | 0 | 4 | |a 519.76 |b SIM |2 21 |
| 100 | 0 | |a Simmons, Donald M |e author |9 428149 | |
| 245 | 1 | 0 | |a Nonlinear programming for operations research |
| 300 | |a 448 p | ||
| 942 | |c BK | ||
| 945 | |d 19990426 00:00:00 |a crobeson | ||
| 260 | |a Englewood Cliffs |b Prentice-Hall |c 1975 | ||
| 650 | 0 | |a Programación no lineal |9 259385 | |
| 650 | 7 | |a PROGRAMACION CUADRATICA |2 CL-VaPUC |9 428150 | |
| 650 | 0 | |a Programación matemática |9 260785 | |
| 650 | 0 | |a Optimización matemática |9 259780 | |
| 583 | |a last modification |c 20150429 04:18:25 |k Rodrigo Vera | ||
| 490 | 0 | |a Prentice-Hall International Series in Management | |
| 999 | |c 280463 |d 280461 | ||
| 952 | |0 0 |1 0 |4 0 |6 519_760000000000000_SIM_1975 |7 0 |8 A |9 320769 |a BIBMAT |b BIBMAT |d 2019-11-20 |i 1344366 |o 519.76 SIM 1975 |p 1344366 |r 2025-01-07 |w 2019-11-20 |y BK |k MAT | ||
| 952 | |0 0 |1 0 |4 0 |6 519_760000000000000_SIM_1975 |7 0 |8 A |9 320770 |a BIBING |b BIBING |d 2019-11-20 |i 3811204 |o 519.76 SIM 1975 |p 3811204 |r 2025-01-20 |w 2019-11-20 |y BK |k EII | ||